00987nam a22002537a 450000500170000001000150001702000260003203500140005803700090007208200170008110000320009824500770013025000070020726000490021427001090026330000210037270000340039370000380042770000370046570000370050294200310053999900190057095201440058920240614125309.0 aENG-140618 c999.00a9789356068957 aEN-124150 bDBAD a658.1591216 aHorngren, Charles T.967525 aIntroduction to Management Accounting/cBy Charles T. Horngren...[et.al] a16 aNoidabPearson India Education Pvt Ltdc2024 a1st Floor, Berger Tower, Plot No. C-001/2, Sector 16BbNoidae201301mcompanysecretary.india@pearson.com a877p.c25cm(pbk) aSundem, Gary LeAuthor967521 aSchatzberg, Jeff OeAuthor967522 aBurgstahler, DaveeAuthor967523 aKashiramka, SmitaeAuthor967524 2ddccENh658.1591mHORe16 c203608d203608 001040708NFICaLbLd2024-06-14eDBADg999.00l3m2o658.1591 HORpEN-124150r2024-10-14 00:00:00s2024-09-27t1v999.00w2024-06-14yEN